Coca-Cola, un mito (Record n. 91937)
[ formato base ]
| 000 -LEADER | |
|---|---|
| fixed length control field | 01412nam a2200313Ia 4500 |
| 001 - CONTROL NUMBER | |
| control field | B6249 |
| 003 - CONTROL NUMBER IDENTIFIER | |
| control field | IT-RoPAU |
| 008 - FIXED-LENGTH DATA ELEMENTS--GENERAL INFORMATION | |
| fixed length control field | 130308s9999 xx 000 0 und d |
| 040 ## - CATALOGING SOURCE | |
| Original cataloging agency | IT-RoPAU |
| 040 ## - CATALOGING SOURCE | |
| Transcribing agency | IT-RoPAU |
| 041 ## - LANGUAGE CODE | |
| Language code of text/sound track or separate title | ITALIANO |
| 100 ## - MAIN ENTRY--PERSONAL NAME | |
| Personal name | AA.VV. |
| 100 ## - MAIN ENTRY--PERSONAL NAME | |
| Miscellaneous information | Codice Aut. SPICS: 12000 |
| 245 ## - TITLE STATEMENT | |
| Title | Coca-Cola, un mito |
| 245 ## - TITLE STATEMENT | |
| Remainder of title | Coca-Cola, un Mito |
| 250 ## - EDITION STATEMENT | |
| Edition statement | 1a ed. |
| 260 ## - PUBLICATION, DISTRIBUTION, ETC. (IMPRINT) | |
| Place of publication, distribution, etc. | ROMA |
| 260 ## - PUBLICATION, DISTRIBUTION, ETC. (IMPRINT) | |
| Name of publisher, distributor, etc. | Leonardo/De Luca |
| 260 ## - PUBLICATION, DISTRIBUTION, ETC. (IMPRINT) | |
| Date of publication, distribution, etc. | 1992 [1° Ed.:1992 - Ed.Ling.Originale:1992] |
| 300 ## - PHYSICAL DESCRIPTION | |
| Extent | "112 p. (prefazione: no ; testo: 112 [pagine: 0-0])" |
| 500 ## - GENERAL NOTE | |
| General note | Coca Cola Non Solo una Bibita Conosciutissima, Ma Uno dei Simboli dell'America, del consumismo e della Libertà del Dopoguerra, Cultura di Un'Epoca. Catalogo in Occasione della mostra con la Storia della Coca Cola: le Origini, Alla conquista dell'America, Coca Cola in Bottiglia, Alla conquista del Mondo, Coca Cola in Europa, Coca Cola Entra in Guerra, Sbarco Definitivo Ineuropa, Industria Italiana della Coca Cola, Anni Sessanta, New Wave, Falsie Repliche, Cronologia. Glossario e Bibliografia. presentazione di Gianni ponti e Phil Mooney. premesse dei Curatori e di Frabrizio Zampa. |
| 650 ## - SUBJECT ADDED ENTRY--TOPICAL TERM | |
| Topical term or geographic name as entry element | SAGGI DI PUBBLICITA' |
| 650 ## - SUBJECT ADDED ENTRY--TOPICAL TERM | |
| Relator term | Codice materia Spics: 6211 |
| 700 ## - ADDED ENTRY--PERSONAL NAME | |
| Personal name | Biasio MariateresaFadini Ugo |
| 700 ## - ADDED ENTRY--PERSONAL NAME | |
| Miscellaneous information | Codice Aut. SPICS: 39013Codice Aut. SPICS: 39014 |
| 942 ## - ADDED ENTRY ELEMENTS (KOHA) | |
| Koha item type | LIBRO |
| 957 ## - | |
| -- | 1 |
| 999 ## - SYSTEM CONTROL NUMBERS (KOHA) | |
| -- | 1 |
| Withdrawn status | Lost status | Damaged status | Not for loan | Home library | Current library | Date acquired | Total Checkouts | Full call number | Date last seen | Price effective from | Koha item type | Public note |
|---|---|---|---|---|---|---|---|---|---|---|---|---|
| Buone Condizioni | Not For Loan | SPICS-MEDIATECA | SPICS-MEDIATECA | 08/03/2013 | B6249 | 08/03/2013 | 08/03/2013 | LIBRO | Progressivo inserimento: 26820 / N. Volumi: 1 Copie: 1 / data import: 1 marzo 2013 - By Epidotti, Trombetti, Vaglietti. |